[Event "Prague Festival Future 2020"]
[Site "Prague"]
[Date "2020.02.12"]
[Round "1.1"]
[White "Aydin, Gulenay"]
[Black "Nadzamova, Viktoria"]
[Result "1-0"]
[WhiteElo "1964"]
[BlackElo "1960"]
[Annotator "TA"]
[PlyCount "57"]
[EventDate "2020.02.12"]
[EventType "tourn"]
[EventCountry "CZE"]
[SourceTitle "playchess.com"]
[Source "ChessBase"]
[SourceQuality "1"]

{[%evp 21,57,0,16,-38,14,-50,-7,-83,347,348,357,334,333,339,328,191,724,728,910,652,665,628,616,439,433,391,490,487,591,594,698,657,657,663,1196,1141,1674,1547]} 1. e4 c5 2. Nf3 d6 3. d4 cxd4 4. Nxd4 Nf6 5. Nc3 a6 6. f3 e6 7. Be3 b5 8. Qd2 Bb7 9. O-O-O Nfd7 10. g4 Nb6 11. g5 N8d7 12. Qf2 {B80: Sicilian Scheveningen: 6 g3 and 6 Be3, including English Attack.} (12. a3 $11) 12... Be7 ({Black should try} 12... Rc8 $15) 13. Rg1 (13. h4 $11) 13... Rc8 (13... b4 $5 {[%cal Rb4c3]} 14. Nce2 Nc4 $15) 14. Kb1 {[#]} (14. Nce2 $11 {remains equal.}) 14... Ne5 $146 {[%mdl 8192] [#]} (14... Rxc3 $1 $17 {and life is bright.} 15. bxc3 Qc7) ({Predecessor:} 14... b4 15. Nce2 Qc7 16. Nc1 d5 17. Bd3 dxe4 18. fxe4 Nc4 19. h4 Nxe3 20. Qxe3 Bc5 {½-½ (38) Sarighioleanu,S (1572)-Vojta,J (1771) Prague 2016}) 15. Nxe6 $1 $18 {[%mdl 512]} fxe6 16. Bxb6 Qd7 17. Bd4 Qc6 18. Bh3 (18. f4 $142 b4 19. fxe5 bxc3 20. Bxc3 dxe5 21. g6 (21. Bxe5 Bc5 $16)) 18... Rf8 $2 (18... b4) 19. Bxe6 Rd8 20. Bd5 Qc8 21. Bxb7 Qxb7 22. Bxe5 dxe5 23. Rxd8+ Kxd8 24. Nd5 {White is clearly winning.} Qc6 25. Qa7 Qc5 26. Qb8+ ({Less strong is} 26. Qxe7+ Qxe7 27. Nxe7 Kxe7 $16) 26... Kd7 {[%cal Rc5g1]} 27. Qb7+ {[%mdl 64] Double Attack} Ke8 {[%cal Rc5g1]} 28. Rd1 {Strongly threatening b4.} Rxf3 29. b4 {Accuracy: White = 42%, Black = 12%.} 1-0

[Event "Prague Festival Future 2020"]
[Site "Prague"]
[Date "2020.02.12"]
[Round "1.2"]
[White "Gurel, Ediz"]
[Black "Klimkowski, Jan"]
[Result "1-0"]
[WhiteElo "2125"]
[BlackElo "2229"]
[Annotator "TA"]
[PlyCount "107"]
[EventDate "2020.02.12"]
[EventType "tourn"]
[EventCountry "CZE"]
[SourceTitle "playchess.com"]
[Source "ChessBase"]
[SourceQuality "1"]

{[%evp 16,107,10,11,31,29,25,21,27,33,49,48,46,52,47,55,74,57,90,85,94,95,92,100,104,90,118,118,114,102,144,130,167,174,214,185,195,190,205,202,256,256,260,260,256,256,364,378,352,334,404,430,352,418,410,410,416,407,410,420,425,381,531,531,529,515,502,479,339,287,355,364,645,647,677,646,1139,666,872,884,881,869,932,801,892,869,818,789,967,971,1004,983,1870,1187]} 1. e4 c5 2. Nf3 d6 3. d4 cxd4 4. Nxd4 Nf6 5. Nc3 a6 6. Be3 e5 7. Nf3 Be7 8. Bc4 O-O 9. O-O Nbd7 {B90: Sicilian Najdorf: Unusual White 6th moves, 6 Be3 Ng4 and 6 Be3 e5.} 10. a4 Qc7 11. Qe2 Nc5 {The position is equal.} 12. Bg5 Be6 13. Bxf6 Bxf6 14. Nd5 $36 {[%mdl 2048] [#] White is more active.} Bxd5 $146 ({Predecessor:} 14... Qd8 15. Rfd1 Rc8 16. a5 Nd7 17. c3 Bg5 18. Nxg5 Qxg5 19. Ne3 Nf6 20. Rxd6 Bxc4 21. Nxc4 {1-0 (38) Swiercz,D (2651)-Theodorou,N (2541) Columbia 2019}) 15. Bxd5 Ne6 16. g3 g6 17. c3 h5 18. h4 Kg7 19. Rfd1 Rac8 20. Nd2 Rfd8 21. a5 Rh8 22. Nc4 Rcd8 23. Ne3 Qe7 24. b4 Rd7 25. Ba2 Nc7 26. Rd3 Rhd8 27. Rad1 Qf8 28. Nc4 Nb5 29. Nb6 Rc7 30. Nd5 Rcd7 (30... Rdc8 $142 31. Qf3 Qd8 32. Nxc7 Rxc7) 31. Rf3 $18 ({Weaker is} 31. Nxf6 Kxf6 32. Bc4 Rc7 $16) 31... Be7 32. Nb6 Rc7 33. Rxf7+ Qxf7 34. Bxf7 Nxc3 35. Qc2 Kxf7 36. Rd3 Nb5 37. Qa2+ Kg7 38. Rf3 {[#] And now Rf7+ would win.} Bf6 39. Nd5 Rf7 40. Qc4 Rdf8 41. Kg2 Re8 42. Rd3 Rff8 43. Nc7 Rc8 $2 (43... Nxc7 44. Qxc7+ {[%mdl 64] Double Attack} Rf7) 44. Ne6+ {[%mdl 64] [#] Double Attack. White is clearly winning.} Kh8 45. Qd5 Rf7 46. Nd4 Rcf8 47. Nxb5 axb5 48. Qxd6 Kh7 49. Rf3 Kh8 50. Qd5 Kg7 51. Qxb5 Rd8 52. Rd3 Rdf8 53. Rd7 Be7 54. Qxe5+ {Accuracy: White = 90%, Black = 44%.} 1-0

[Event "Prague Festival Future 2020"]
[Site "Prague"]
[Date "2020.02.12"]
[Round "1.3"]
[White "Brozka, Karel"]
[Black "Chinguun Bayaraa"]
[Result "1-0"]
[WhiteElo "2045"]
[BlackElo "2049"]
[Annotator "TA"]
[PlyCount "99"]
[EventDate "2020.02.12"]
[EventType "tourn"]
[EventCountry "CZE"]
[SourceTitle "playchess.com"]
[Source "ChessBase"]
[SourceQuality "1"]

{[%evp 19,99,0,0,-9,0,0,-2,0,31,20,29,25,21,0,63,62,83,84,84,68,62,71,82,13,13,13,89,85,98,110,100,12,15,16,24,13,73,93,83,84,193,165,288,267,288,256,360,308,462,451,510,482,662,608,741,695,690,670,672,670,980,918,1101,1018,1300,1247,2218,1954,5808,5800,3360,3161,2253,1338,12834,12829,12839,12839,12840,12840,3135,2668]} 1. d4 Nf6 2. Nf3 g6 3. c4 Bg7 4. Nc3 d5 5. Bg5 Ne4 6. cxd5 Nxg5 7. Nxg5 e6 8. Qd2 h6 9. Nf3 exd5 10. e3 O-O 11. h3 {D91: Grünfeld: 4 Nf3 Bg7 5 Bg5.} Be6 12. Bd3 Nd7 13. O-O {The position is equal.} f5 14. Rac1 {[#]} c6 $146 ({Predecessor:} 14... a5 15. Na4 c6 16. Nc5 Nxc5 17. Rxc5 Qc7 18. Bb1 g5 19. Qd3 Rf7 20. Rcc1 Re8 {0-1 (35) Masek,M (2200)-Pribyl,J (2405) Prague 2002}) 15. b4 Rc8 16. Na4 {[%cal Bc3a4,Ba4b2,Bb2d3,Bd3f4][%mdl 32]} b6 (16... Qe7 $11) 17. Rc2 $14 Qe7 18. Rfc1 Nb8 19. Nb2 g5 20. Bf1 g4 21. hxg4 (21. Ne5 $16) 21... fxg4 $11 22. Nh2 Qd6 (22... Rce8 $11) 23. g3 $16 h5 {[#]} 24. Nd3 $1 Bf5 {[#]} 25. Rc3 ({White should play} 25. Nf4 $1 $16) 25... Nd7 {[%cal Bb8d7,Bd7f6,Bf6e4][%mdl 32]} (25... Bxd3 $5 26. Bxd3 Rf6 $11) 26. Nf4 Nf6 {Strongly threatening ...Ne4.} ({But not} 26... Qxb4 $6 27. Bd3 $16) 27. Bd3 Bxd3 (27... Ne4 $1 $11 28. Bxe4 Bxe4) 28. Qxd3 Ne4 29. R3c2 Bh6 (29... Rc7 $16) 30. Nxh5 $18 Qg6 (30... Qe6 $142) 31. Nf4 Bxf4 32. exf4 Rfe8 (32... Kh8 {keeps fighting.} 33. b5 Qh5 34. Rxc6 (34. bxc6 Rf7 $18) 34... Rce8) 33. b5 Qf5 (33... Qh5 {is a better defense.} 34. Qd1 (34. bxc6 Rc7 $18) (34. Rxc6 Rxc6 35. bxc6 Kf7 $16) 34... c5 35. Qxg4+ Qxg4 36. Nxg4 c4) 34. Rxc6 {White is clearly winning.} Rxc6 35. bxc6 Rc8 36. Qe2 Nf6 37. Qe5 Qxe5 38. fxe5 {[%mdl 4096] Endgame KRN-KRN} Ne4 39. Nxg4 Kf7 40. Kg2 Ke6 41. f3 Nd2 42. Ne3 b5 43. f4 Nc4 44. f5+ Kf7 45. Nxd5 Rxc6 46. Rh1 Kg7 47. f6+ Kf7 48. Rh7+ Ke6 49. Nc7+ {[%mdl 64] Double Attack} Kf5 50. f7 {Accuracy: White = 82%, Black = 37%.} 1-0

[Event "Prague Festival Future 2020"]
[Site "Prague"]
[Date "2020.02.12"]
[Round "1.4"]
[White "Vagman, Roy"]
[Black "Kanov, Nikola"]
[Result "1-0"]
[WhiteElo "2141"]
[BlackElo "2129"]
[Annotator "TA"]
[PlyCount "127"]
[EventDate "2020.02.12"]
[EventType "tourn"]
[EventCountry "CZE"]
[SourceTitle "playchess.com"]
[Source "ChessBase"]
[SourceQuality "1"]

{[%evp 11,127,31,39,24,31,24,27,0,63,-11,0,-1,0,-36,-14,-51,-56,-51,-58,-47,-47,-60,-54,-75,-75,-81,-73,-71,-64,-66,-83,-132,-131,-125,-93,-91,-91,-81,-73,-88,-66,-95,-87,-87,-86,-124,-123,-122,-127,-187,-165,-186,-183,-183,-181,-176,-170,-510,-216,-518,-485,-484,-263,-298,-254,-215,-161,-184,-141,-316,-350,-350,-307,-297,-67,-8,0,0,0,0,0,0,0,0,0,0,0,-29977,-29978,-29977,-29978,-4718,-584,-576,0,0,296,289,289,289,289,279,29978,29979,29979,29980,29979,29980,29985,29982,29982,29983,29983,29984,29987,29988,29988,29987]} 1. e4 e5 2. Nf3 Nc6 3. Bb5 Nge7 4. Nc3 Ng6 5. d4 exd4 6. Nxd4 Bc5 {6...Bc5 has lost popularity.} 7. Nf5 {C60: Ruy Lopez: Unusual Black 3rd moves and 3...g6.} O-O 8. O-O d6 9. Qh5 {White has an edge.} Bxf5 {[#]} (9... Nge5 $11) 10. Bxc6 $146 (10. exf5 $14 Nge5 11. Ne4) ({Predecessor:} 10. exf5 Qh4 11. Qxh4 Nxh4 12. f6 gxf6 13. Bh6 Rfe8 14. Nd5 Re5 15. Nxf6+ Kh8 16. Bc4 {½-½ (41) Beimdiek,R (1831)-Ringwelski,M (2023) Germany 2008}) 10... bxc6 11. exf5 Qh4 12. Qg5 Rfe8 (12... f6 {is more complex.} 13. Qd2 Ne5 14. Qf4 Qxf4 15. Bxf4 Bd4) 13. Qg3 (13. g3 $5 {[%cal Rg3h4]} Qxg5 14. Bxg5 $15) 13... Qxg3 $40 {[%mdl 128] Black attacks.} 14. hxg3 Ne5 15. Na4 Bd4 16. c3 Bb6 $1 17. Nxb6 axb6 18. Rd1 b5 19. Bf4 Nc4 20. b3 Nb6 $1 21. Re1 Rxe1+ 22. Rxe1 $17 {[%mdl 4096] Endgame KRB-KRN} Kf8 23. Ra1 c5 24. Be3 Nd5 25. Bd2 b4 26. c4 Ne7 27. g4 Nc6 28. Be3 Nd4 29. Bxd4 cxd4 {KR-KR} 30. Rd1 (30. Kf1 $17) 30... c5 $19 ({Don't play} 30... Rxa2 31. Rxd4 Ke7 32. Rd3 $15) 31. Rd2 Ke7 32. Kf1 {[#]} d5 $1 {[%mdl 512]} 33. cxd5 Kd6 34. Re2 $2 (34. Ke2) 34... Ra7 (34... Kxd5 $142 35. Ke1 d3) 35. Re8 $2 (35. Rd2) 35... Kxd5 36. f3 Kd6 (36... Rxa2 $142 37. g5 c4 38. bxc4+ Kxc4 39. Rc8+ Kd3) 37. Rd8+ Ke5 38. Rc8 Rxa2 {...Rc2 is the strong threat.} 39. Rxc5+ Kf4 $1 40. Rd5 $2 (40. Rc7 $17) 40... Ke3 {[%cal Ra2a1]} 41. Re5+ Kd3 42. Re7 Kc3 $2 ({Better is} 42... Ra3 $19 43. Rxf7 Rxb3 44. Rxg7 Rc3) 43. Rxf7 $15 d3 {White must now prevent ...Ra1+.} 44. Rc7+ $1 ({Avoid the trap} 44. Rxg7 $2 Ra1+ 45. Kf2 d2 $19) 44... Kxb3 {And now ...Ra1+ would win.} 45. Ke1 $1 Re2+ 46. Kd1 Rxg2 47. Rxg7 h5 {aiming for ...h4.} (47... Kc3 $5 48. Rc7+ $8 Kd4 $11) 48. f6 h4 {Threatens to win with ...h3.} 49. Ke1 $2 {[%mdl 8192]} (49. Rg8 $11 h3 50. f7) 49... d2+ 50. Kd1 {[#]} h3 $1 51. Rh7 h2 (51... Kc3 $142 52. Rc7+ Kd4 53. Rd7+ Ke5) 52. f4 Rg1+ $2 (52... Rxg4 $19 53. Rh3+ Ka4 54. Rxh2 Rxf4) 53. Kxd2 $11 h1=Q $4 {[%mdl 8192]} (53... Rxg4 $11 54. Rh3+ Ka4 55. Rxh2 Rxf4) 54. Rxh1 $18 Rxh1 {KR-K3P} 55. f7 Rh8 {[#] ( -> ...Kc4)} 56. g5 $1 {[%cal Rg5g6] Hoping for g6.} Ka2 $2 (56... Rd8+ $18 57. Ke3 Ka4) 57. g6 {White mates.} b3 58. g7 Rh2+ 59. Ke3 Rh3+ 60. Kf2 b2 61. g8=Q b1=Q 62. f8=Q+ Rb3 63. Qa8+ Kb2 64. Qxb3+ {Accuracy: White = 63%, Black = 62%.} 1-0

[Event "Prague Festival Future 2020"]
[Site "Prague"]
[Date "2020.02.12"]
[Round "1.5"]
[White "Nemec, Jachym"]
[Black "Finek, Vaclav"]
[Result "0-1"]
[WhiteElo "2069"]
[BlackElo "2220"]
[Annotator "TA"]
[PlyCount "102"]
[EventDate "2020.02.12"]
[EventType "tourn"]
[EventCountry "CZE"]
[SourceTitle "playchess.com"]
[Source "ChessBase"]
[SourceQuality "1"]

{[%evp 15,102,40,42,11,52,43,66,45,52,14,0,0,0,0,0,-6,0,-36,-6,-30,-37,-40,14,-8,27,18,22,24,21,14,36,25,58,33,25,10,12,-84,-83,-91,-64,-41,-23,-44,-34,-179,-196,-243,-255,-517,-507,-466,-495,-703,-685,-1031,-468,-418,-217,-266,-64,-62,0,0,174,-176,-73,-66,-71,-204,-66,-67,-62,-79,-18,-18,-27,-26,-31,-20,-18,-39,0,-27,0,0,0,-531,-526]} 1. e4 Nf6 2. e5 Nd5 3. c4 Nb6 4. d4 d6 5. exd6 cxd6 6. Nc3 g6 7. Be3 Bg7 8. Rc1 O-O 9. Be2 {B03: Alekhine's Defence: Four Pawns Attack.} Bf5 10. Nf3 Bg4 11. b3 {White is slightly better.} d5 12. c5 Nc8 $1 13. h3 Bxf3 $1 14. Bxf3 e6 15. b4 a6 16. h4 Ne7 {[#]} 17. Bg4 $146 ({Predecessor:} 17. h5 Nbc6 18. h6 Bh8 19. a3 Nf5 20. Ne2 Qf6 21. Rh3 Rfc8 22. Rb1 Ncxd4 23. Nxd4 Nxd4 24. Bxd4 Qxd4 25. Qxd4 Bxd4 {0-1 (37) Wernert,W (2365)-Konopka,M (2435) Germany 2008}) 17... Nbc6 18. Ne2 Qc7 (18... Nxb4 $15 19. Rb1 Nbc6) 19. h5 Nf5 (19... f5 {feels hotter.} 20. Bh3 gxh5 21. Bf4 Qd7 22. a3 Ng6) 20. Bxf5 exf5 21. Qd2 Rfe8 22. Kf1 Rad8 23. a3 Rd7 24. g3 Rde7 25. Nf4 Qd8 26. Nh3 (26. hxg6 $11 fxg6 27. Rd1) 26... Re4 $17 {[%cal Rc6d4]} 27. Kg2 Nxd4 {...Nb3 is the strong threat.} ({But not} 27... Bxd4 $6 28. hxg6 hxg6 29. Bxd4 $11) 28. Rcd1 Nb5 {Hoping for ...d4.} 29. hxg6 hxg6 30. Bg5 (30. Qxd5 $15 Qxd5 31. Rxd5) 30... Qc8 $1 $19 31. Nf4 d4 ({Not} 31... Nxa3 32. Qxd5 Nb5 33. Qd7 $17) 32. Bh6 $2 (32. f3 {might work better.} Re3 33. Rde1) 32... Qc6 33. f3 {[#]} Re3 $1 34. Rdf1 (34. Qf2 $142 Rxa3 35. Bxg7 Kxg7 36. Rhe1) 34... d3 35. Rf2 Bc3 (35... Nd4 $142 36. Bxg7 Nxf3) 36. Qa2 Bd4 (36... d2 $142 37. Rd1 Nd4) 37. Qc4 {And now a4 would win.} Rd8 $2 (37... d2 $1 $19 38. Ne2 R3e4 $1 {[%mdl 512]} 39. Nxd4 Rxd4) 38. Bg5 $15 Nxa3 (38... Rd7 $1 $15 39. Nxd3 Re8) 39. Qa2 $11 Rde8 $2 (39... Nc2 $1 $11 {and Black is okay.} 40. Bxd8 Rxf3 41. Rxf3 Ne3+ 42. Kf2 Ng4+ {[%mdl 64] Discovered Attack (Double check)} 43. Kg2 Ne3+ 44. Kf2 Ng4+ {[%mdl 64] Discovered Attack (Double check)} 45. Kg2 Ne3+) 40. Rh6 $4 {[%mdl 8192] [#]} (40. Qxa3 $18 {was the only winning move.} d2 41. Qa2) 40... d2 $1 41. Qxd2 $17 Bg7 $1 {aiming for ...Nc4.} 42. Rh1 (42. Nh5 $17 Nb1 43. Qc2 Bxh6 44. Nf6+ Kh8 45. Bxh6) 42... R3e5 (42... Nc4 $19 43. Qd1 Ra3) 43. Qd3 Nb5 $1 44. Rd1 {[#]} Nc7 (44... a5 $1 $17 {[%mdl 512]} 45. Nd5 (45. bxa5 Rxc5) 45... axb4 46. Nxb4 Qxc5) 45. Qd7 $11 Ne6 $36 {[%mdl 2048] Black is more active.} 46. Qxc6 bxc6 47. Nxe6 R5xe6 ({Much worse is} 47... fxe6 48. Rd6 $16) 48. Rd3 Re2 49. Ra3 Rxf2+ 50. Kxf2 Ra8 51. Ke3 $2 {[%mdl 8192]} (51. Bd2 $11) 51... Bb2 {Accuracy: White = 54%, Black = 55%.} 0-1

[Event "Prague Festival Future 2020"]
[Site "Prague"]
[Date "2020.02.13"]
[Round "2.1"]
[White "Kanov, Nikola"]
[Black "Nemec, Jachym"]
[Result "1-0"]
[WhiteElo "2129"]
[BlackElo "2069"]
[Annotator "TA"]
[PlyCount "61"]
[EventDate "2020.02.12"]
[EventType "tourn"]
[EventCountry "CZE"]
[SourceTitle "playchess.com"]
[Source "ChessBase"]
[SourceQuality "1"]

{[%evp 20,61,25,0,2,7,8,14,10,1,6,-17,0,0,1,0,0,-21,0,0,0,-52,0,0,62,77,406,433,902,873,786,708,725,529,924,917,907,895,29988,29989,29990,29991,29995,29993]} 1. e4 c5 2. Nf3 Nc6 3. d4 cxd4 4. Nxd4 Nf6 5. Nc3 e5 6. Ndb5 d6 7. Bg5 a6 8. Na3 b5 {[%cal Bb7b5,Bb5b4][%mdl 32]} 9. Nd5 Be7 10. Bxf6 Bxf6 11. c4 b4 {B33: Sicilian: Pelikan and Sveshnikov Variations.} 12. Nc2 O-O 13. g3 a5 {The position is equal.} 14. h4 Be6 15. Bh3 g6 16. h5 Bg5 17. hxg6 hxg6 {[#]} 18. Nde3 $146 ({Predecessor:} 18. Qe2 Kg7 19. f4 exf4 20. gxf4 Bh4+ 21. Kd2 Rh8 22. Qf3 Bxd5 23. cxd5 Ne7 24. Raf1 {0-1 (57) Santagata,C (2253)-Kazoks,A (2292) ICCF email 2009}) 18... Kg7 {Threatens to win with ...Rh8.} 19. Bxe6 fxe6 20. Qg4 (20. Qd3 $11) 20... Qf6 ({Black should try} 20... Qe7 $15) 21. O-O-O $11 ({Not} 21. f4 $2 exf4 22. gxf4 Qxf4 $19) 21... Nd4 {[#]} (21... Rh8 $11) 22. f4 $1 $40 {[%cal Rf4g5][%mdl 704] Deflection. White wants a kill.} exf4 $2 {[%mdl 8192]} (22... Bh6 $16 {is tougher.}) 23. Nxd4 $18 Rfe8 (23... fxe3 $142 24. Nxe6+ {[%mdl 64] Discovered Attack} Qxe6 25. Qxe6 e2+ 26. Kb1 exd1=N 27. Rxd1 Rae8 28. Qd7+ (28. Qxd6 Rd8 $18) 28... Re7 29. Qxd6 Rxe4) 24. gxf4 Bxf4 25. Rh3 Rac8 26. b3 d5 27. Kb1 Bxe3 28. Rxe3 dxc4 29. e5 {White mates.} Qf7 30. Rf3 Qe7 {[#]} 31. Rf6 $1 {[%mdl 64] Double Attack. Accuracy: White = 89%, Black = 45%.} 1-0

[Event "Prague Festival Future 2020"]
[Site "Prague"]
[Date "2020.02.13"]
[Round "2.2"]
[White "Chinguun Bayaraa"]
[Black "Vagman, Roy"]
[Result "1/2-1/2"]
[WhiteElo "2049"]
[BlackElo "2141"]
[Annotator "TA"]
[PlyCount "113"]
[EventDate "2020.02.12"]
[EventType "tourn"]
[EventCountry "CZE"]
[SourceTitle "playchess.com"]
[Source "ChessBase"]
[SourceQuality "1"]

{[%evp 16,113,37,14,14,0,20,0,0,-10,0,-19,-9,-43,-45,-47,-52,-51,-41,-63,-58,-61,-36,-75,-61,-135,-122,-118,-106,-141,-150,-143,-122,-212,-200,-217,-188,-235,-157,-236,-240,-255,-245,-253,-235,-243,-250,-252,-233,-237,-247,-275,-274,-276,-157,-149,-152,-217,-215,-200,-206,-231,-224,-236,-140,-284,-241,-215,-226,-463,-469,-420,-356,-280,-288,-276,0,0,0,0,0,0,0,0,0,0,0,-8,0,0,0,0,0,0,0,-798,0,0,0,0]} 1. d4 d5 2. c4 dxc4 3. e3 Nf6 4. Bxc4 e6 5. Nf3 c5 6. Nc3 Nc6 7. O-O cxd4 8. exd4 Be7 9. Be3 O-O {D26: Queen's Gambit Accepted: 4 e3 e6 5 Bxc5 c5 sidelines.} 10. Qe2 Nb4 11. Rfe1 b6 12. Bg5 Bb7 13. Rad1 {aiming for d5!} Nbd5 {[#]} 14. Bxf6 $146 ({Predecessor:} 14. Ne5 Rc8 15. Qd3 h6 16. Bc1 Nxc3 17. bxc3 Nd5 18. f4 b5 19. Bxd5 Qxd5 {0-1 (47) Mihalko,J (2303)-Berczes,C (2389) Hungary 2005}) 14... Nxc3 15. bxc3 {And now Bxe7 would win.} Bxf6 16. Rc1 Rc8 17. Bd3 Qd5 18. Qd2 Qa5 19. Be4 Ba6 20. Bb1 (20. Rc2 $15) 20... Rc7 $17 21. Re3 Rfc8 22. g3 g6 23. Ne5 Bxe5 24. Rxe5 (24. dxe5 $17 Rc5 25. f4) 24... Rxc3 $19 25. Rd1 Qa3 26. Ree1 Qd6 27. h4 (27. Be4 $17) 27... Bb7 28. Re5 Qa3 ({Much less strong is} 28... Qc6 29. Be4 $17) 29. Re3 Rxe3 30. Qxe3 Qxe3 31. fxe3 {[%mdl 4096] Endgame KRB-KRB} Rc3 32. Kf2 f5 33. Bd3 Bd5 34. Ke2 Be4 ({Better is} 34... Ra3 $19 35. Bb1 a5) 35. Bxe4 $17 fxe4 {KR-KR} 36. Rd2 (36. Rf1 $17 {is a better defense.}) 36... Kf7 37. g4 h5 38. gxh5 gxh5 39. Kf2 b5 (39... Kf6 $19 40. d5 Ke7 41. dxe6 Kxe6) 40. Re2 (40. Rb2 $17) 40... e5 41. dxe5 Ke6 42. Rd2 $2 (42. Rb2 {was the only defense.} Rc5 43. Ke1) 42... Kxe5 $19 43. Rd8 Rc2+ 44. Kg3 Rxa2 45. Rh8 {[#]} b4 $2 (45... Kd5 $1 $19 {Hoping for ...Ra6.} 46. Rxh5+ Kc4) 46. Rxh5+ $11 Kf6 47. Rb5 a5 48. h5 Ra3 49. Kf4 Ra1 50. Rb6+ Kg7 51. Kxe4 Rb1 52. Rb7+ Kh6 53. Rb6+ Kg7 {Threatens to win with ...a4.} 54. Rb7+ Kg8 55. Kf5 $2 {[%mdl 8192] [#]} (55. Rb8+ $11 Kg7 56. Rb7+) 55... Rf1+ $2 (55... b3 $1 $19 {...b2 is the strong threat.} 56. Kg6 Rg1+ 57. Kh6 Rb1) 56. Kg6 Rg1+ 57. Kf6 {Accuracy: White = 61%, Black = 81%.} 1/2-1/2

[Event "Prague Festival Future 2020"]
[Site "Prague"]
[Date "2020.02.13"]
[Round "2.3"]
[White "Nadzamova, Viktoria"]
[Black "Finek, Vaclav"]
[Result "0-1"]
[WhiteElo "1960"]
[BlackElo "2220"]
[Annotator "TA"]
[PlyCount "76"]
[EventDate "2020.02.12"]
[EventType "tourn"]
[EventCountry "CZE"]
[SourceTitle "playchess.com"]
[Source "ChessBase"]
[SourceQuality "1"]

{[%evp 18,100,9,-15,9,0,18,23,18,26,18,0,0,8,14,17,15,-37,-24,-110,-111,-118,-134,-139,-127,-158,-132,-194,-154,-173,-129,-227,-229,-320,-123,-128,0,-291,0,0,0,-42,9,0,0,0,0,0,0,-92,-89,-344,-338,-352,-348,-420,-414,-379,-360,-360,-352,-429,-429,-1008,-968,-937,-929,-709,-429,-705,-702,-6291,-6179,-5414,-5489,-1181,-800,-1047,-798,-1041,-967,-1399,-1021,-29996,-29997]} 1. e4 Nf6 2. e5 Nd5 3. c4 Nb6 4. d4 d6 5. Nf3 g6 6. Nc3 Bg7 7. exd6 cxd6 8. Be3 O-O 9. Be2 Nc6 10. h3 Bf5 {B04: Alekhine's Defence: 4 Nf3.} 11. Rc1 d5 $1 12. b3 dxc4 {White has an edge.} 13. bxc4 Na5 14. Nb5 {[#]} Qd7 $146 ({Predecessor:} 14... Be4 15. Qd2 Bxf3 16. gxf3 Nc6 17. d5 Ne5 18. f4 Nbxc4 19. Rxc4 Nxc4 20. Bxc4 a6 {1-0 (52) Gommers,R (2338)-Vanderwaeren,S (2332) Belgium 2002}) 15. Na3 Rac8 16. O-O Rfd8 17. c5 (17. Bd2 $11 Nc6 18. d5) 17... Nd5 $15 18. Bd2 (18. Nc4 $11 {remains equal.} Nc6 19. Qd2) 18... Nc6 $17 19. Bb5 Nc7 20. Bxc6 Qxc6 21. Re1 Ne6 22. Bc3 (22. Nc2 $17 {was worth a try.}) 22... Bf6 23. Ne5 Qd5 {Threatens to win with ...Nf4.} 24. Nac4 (24. Nc2 $17 {was necessary.} Bxc2 25. Qxc2) 24... Nxd4 $19 25. Ba5 {[#]} Rf8 $2 (25... Qxc5 26. Bxd8 Rxd8 27. Nf3 $15) (25... b6 $1 $19 {[%mdl 512] has better winning chances.} 26. cxb6 Bxe5 27. bxa7 (27. Rxe5 $2 Qxe5 28. Nxe5 Rxc1 $19) 27... Bxh3 28. gxh3 Bc7 29. Bxc7 Rxc7 {[%mdl 64] Double Attack}) 26. Bc3 $17 Rfd8 $2 (26... Rcd8 $1 $17 27. Qxd4 Qxd4 28. Bxd4 Rxd4) 27. Ba5 $1 $19 {[#]} Rd7 $2 ({Weaker is} 27... Qxc5 28. Bxd8 Rxd8 29. Nf3 $15) (27... b6 $1 $19 {[%mdl 512]} 28. cxb6 Bxe5 29. bxa7 (29. Rxe5 $2 Qxe5 30. Nxe5 Rxc1 $19) 29... Bxh3 30. gxh3 Bc7 31. Bxc7 Rxc7 {[%mdl 64] Double Attack}) 28. Nxd7 $11 Qxd7 29. Ne3 {[#]} Be6 (29... Bxh3 $1 $15 {[%mdl 512]} 30. Bc3 (30. gxh3 Qxh3) 30... Be6) 30. Ng4 Bg7 31. Bb4 h5 32. Ne5 Qd5 33. Nf3 {[#]} (33. c6 $11 {keeps the balance.} bxc6 34. Rc5) 33... Bxh3 $1 $17 {[%mdl 512] Strongly threatening ...Bg4.} 34. Kh2 $2 {[%mdl 8192]} (34. Bc3 $17 Nxf3+ 35. Qxf3 Qxf3 36. gxf3) (34. gxh3 Nxf3+) 34... Bg4 $19 {[%cal Rg4f3]} 35. Re3 Bxf3 ({Don't take} 35... Qxa2 36. Qd2 $19) 36. gxf3 Bh6 {[%mdl 64] ...Rd8 is the strong threat. Skewer} 37. Rd3 Bxc1 38. Rxd4 {[#]} Qxa2 {Played: Bc1-f4} 0-1